10 najpopularniejszych polskich kanałów telewizyjnych - Statystyki

Ogólne statystyki
  • Ten quiz został rozwiązany 74 razy
  • Średni wynik to 7 z 10
Statystyki odpowiedzi
Hint Odpowiedź % Poprawnych
4 TVN
97%
2 Polsat
94%
3 TVP2
93%
1 TVP1
90%
5 TVN24
59%
6 TV4
57%
9 TVP INFO
57%
7 TV PULS
54%
8 TVN7
53%
10 TTV
41%
Nie znaleziono quizów pasujących do podanych kryteriów
Rozkład punktacji
Procent ludzi z każdym wynikiem
Percentyl według liczby udzielonych odpowiedzi
Twoja historia wyników
Nie rozwiązałeś tego quizu